LEADER 01044nam0 2200277 450 001 000020434 005 20081209122838.0 010 $a0906783038 100 $a20081209d1979----km-y0itay50------ba 101 0 $aeng 102 $aGB 105 $aa-------001yy 200 1 $aNumerical analysis of semiconductor devices$eproceedings of the NASECODE 2nd Conference held at Trinity College, Dublin, from 17th to 19th June 1981$fedited by B. T. Browne, J. J. H. Miller 210 $aDublin$cBoole Press$d1979 215 $aXIII, 288 p.$cill.$d25 cm 500 10$aNumerical analysis of semiconductor devices$947413 610 1 $aSemiconduttori$aAnalisi numerica 676 $a621.38152$v21$9Elettronica. Semiconduttori 702 1$aBrowne,$bB. T. 702 1$aMiller,$bJ. J. H. 710 12$aNASECODE Conference$d<2. ;$f1981>$0632592 801 0$aIT$bUNIPARTHENOPE$c20081209$gRICA$2UNIMARC 912 $a000020434 951 $aM 621.38152/3$bM 626$cDSA$d2008 996 $aNumerical analysis of semiconductor devices$947413 997 $aUNIPARTHENOPE LEADER 00853nam1 2200265 450 001 000002796 005 20050630115700.0 100 $a--------d19941995km-y0itay50------ba 101 $aita 102 $aIT 200 1 $aFisica generale$fGiovanni Consolati 210 $a[Milano]$cEtaslibri$d1994-1995 215 $a2 v.$cill.$d22 cm 225 2 $aTutor$iSerie di chimica, fisica e biologia 303 $aIn cop.: Percorso di apprendimento guidato. Esercizi e teoria 410 0$12001$aTutor 463 \1$1001000002797$12001 $a1.$emeccanica e termodinamica 463 \1$1001000002798$12001 $a2.$eelettromagnetismo e ottica 610 1 $aFisica$aEsercizi 676 $a530.076 700 1$aConsolati,$bGiovanni$0340502 801 0$aIT $bUNIPARTHENOPE $gRICA $2UNIMARC 912 $a000002796 996 $aFisica generale$91223811 997 $aUNIPARTHENOPE